Państwa Europy z największą ilością kotów - Statystyki

Ogólne statystyki
  • Ten quiz został rozwiązany 33 razy
  • Średni wynik to 7 z 10
Statystyki odpowiedzi
Hint Odpowiedź % Poprawnych
41% Polska
100%
34% Rosja
79%
33% Belgia
69%
37% Łotwa
62%
32% Słowenia
62%
34% Węgry
62%
32% Litwa
59%
43% Rumunia
59%
31% Szwajcaria
59%
32% Portugalia
55%
Nie znaleziono quizów pasujących do podanych kryteriów
Rozkład punktacji
Procent ludzi z każdym wynikiem
Percentyl według liczby udzielonych odpowiedzi
Twoja historia wyników
Nie rozwiązałeś tego quizu